| 000 | 00594nam a22001937a 4500 | ||
|---|---|---|---|
| 003 | KOHA_MİRAKIL | ||
| 005 | 20260325112828.0 | ||
| 008 | 260325b tu ||||| |||| 00| 0 tur d | ||
| 020 | _a9786256520370 | ||
| 040 |
_aTR-AnABB _btur _cTR-AnABB |
||
| 041 | _atur | ||
| 082 |
_a320 _bSAR 2024 |
||
| 100 | 1 | _aSargın, Güven Arif | |
| 245 | 1 | 0 |
_aHomopoliticus : _bDevrimci bir praksis sürecinde mekan politik ve öznesine dair denemeler / _cGüven Arif Sargın |
| 260 |
_aAnkara : _bNika Yayınevi, _c2024 |
||
| 300 |
_a338 _c20 cm |
||
| 650 | 0 | 4 | _aSiyaset bilimi |
| 942 |
_2ddc _cBK |
||
| 999 |
_c10031 _d10031 |
||
| 900 | _bCem ÖZOGLU | ||